000 01965cam a2200361 a 4500
001 7777165
003 ARRUPE
005 20151118092312.0
008 091001s2010 miu b 001 0deng
010 _a 2009040899
020 _a9780802863652 (pbk. : alk. paper)
020 _a0802863655 (pbk. : alk. paper)
024 _a40017864668
035 _a(OCoLC)ocn452296691
035 _a(OCoLC)452296691
035 _a(NNC)7777165
040 _aDLC
_cDLC
_dYDX
_dLNT
050 0 0 _aB2430.B584
_bB63 2010
082 0 0 _a194
_aB
_222
100 1 _aBlanchette, Oliva.
_99427
245 1 0 _aMaurice Blondel :
_ba philosophical life /
_cOliva Blanchette.
260 _aGrand Rapids, Mich. :
_bWilliam B. Eerdmans Pub. Co.,
_c2010.
300 _axvi, 820 p. ;
_c24 cm.
490 1 _aRetrieval & renewal in Catholic thought : Ressourcement
504 _aIncludes bibliographical references and indexes.
505 0 _aPt. 1. The journey inward. Breaking into the intellectual scene -- Awakening to the divine light in human action -- The original philosophy of the supernatural -- The vocation to philosophy -- Discourse on method for philosophy of religion -- Crisis of modernity for Catholic apologetics -- The broader social involvement -- The philosopher of Aix -- The philosophical itinerary -- The question of a Catholic philosophy -- Pt. 2. The systematic summation. The question of thought -- The responsibilities of thought -- Ontology of consolidation in being in, through, and of itself -- Action as cooperation with the first cause -- The original philosophy of action revisited -- The expanded philosophy of the supernatural -- Symbiosis of the human and the divine in history -- Christian spirit and historical civilization.
600 1 0 _aBlondel, Maurice,
_d1861-1949.
_921133
830 0 _aRessourcement (Grand Rapids, Mich.)
_97493
942 _2lcc
_cMONOGRAPH
948 1 _a20100510
_bc
_cybp21
_dMPS
949 _i0070045976
999 _c123803
_d123803